000 00335nam a2200157Ia 4500
008 210210b xxu||||| |||| 00| 0 eng d
041 _aeng
082 _a878/59
100 _aVADKKUMKOOR
245 _aSri kalidasam
260 _a
_bNot Mentioned
_c
650 _aSri
650 _akalidasam
690 _aMalayalam
906 _a002736
999 _c124712
_d124712